[Event "Lucky op 2nd"]
[Site "Hamburg"]
[Date "1999.10.22"]
[Round "9"]
[White "Goetz, Katharina"]
[Black "Jacob, Mirco"]
[Result "1-0"]
[WhiteElo "1544"]
[BlackElo "853"]
[PlyCount "55"]
[EventDate "1999.10.??"]
[EventType "swiss"]
[EventRounds "9"]
[EventCountry "GER"]
[SourceTitle "EXT 2001"]
[Source "ChessBase"]
[SourceDate "2000.11.22"]
[SourceVersion "1"]
[SourceVersionDate "2000.11.22"]
[SourceQuality "1"]

1. e4 e5 2. Nf3 Nc6 3. Bc4 Bc5 4. c3 Nf6 5. d4 exd4 6. cxd4 Bb4+ 7. Bd2 Bxd2+ 8. Nbxd2 Qe7 9. 0-0 0-0 10. e5 Ne8 11. Re1 h6 12. d5 Na5 13. Bd3 d6 14. b4 dxe5 15. bxa5 Nf6 16. Rxe5 Qd6 17. Nc4 Qb4 18. Rb1 Qc5 19. d6 Qc6 20. Nd4 Qd7 21. Nf5 cxd6 22. Ncxd6 a6 23. Qf3 Qa4 24. Nxh6+ gxh6 25. Qxf6 Qg4 26. Qxh6 Qg7 27. Rg5 Qxg5 28. Qh7# 1-0

[Event "Lucky op 2nd"]
[Site "Hamburg"]
[Date "1999.10.17"]
[Round "3"]
[White "Stelter, Wilhelm"]
[Black "Jacob, Mirco"]
[Result "0-1"]
[WhiteElo "1693"]
[BlackElo "853"]
[PlyCount "154"]
[EventDate "1999.10.??"]
[EventType "swiss"]
[EventRounds "9"]
[EventCountry "GER"]
[SourceTitle "EXT 2001"]
[Source "ChessBase"]
[SourceDate "2000.11.22"]
[SourceVersion "1"]
[SourceVersionDate "2000.11.22"]
[SourceQuality "1"]

1. d4 d5 2. c4 e6 3. Nf3 Nf6 4. Nc3 Nc6 5. e3 Bb4 6. a3 Bxc3+ 7. bxc3 0-0 8. Be2 Ne4 9. Qc2 Nf6 10. 0-0 b6 11. cxd5 Qxd5 12. c4 Qd6 13. Rd1 Bb7 14. e4 Qe7 15. Bg5 e5 16. d5 Nb8 17. Nd2 c6 18. f3 h6 19. Bh4 Qc5+ 20. Bf2 Qd6 21. Nf1 Nh5 22. c5 Qc7 23. cxb6 axb6 24. Rab1 b5 25. Rxb5 Rc8 26. dxc6 Bxc6 27. Rc5 Rxa3 28. Qb2 Ra5 29. Rc3 Nf4 30. Bc4 Qb7 31. Qc2 Kf8 32. Rb1 Qd7 33. Bb3 Na6 34. Bb6 Nb4 35. Qf2 Ra6 36. Rd1 Qb7 37. Qc5+ Kg8 38. Rd8+ Rxd8 39. Bxd8 Ne2+ 40. Kh1 Nxc3 41. Qxc3 Ba4 42. Bxa4 Rxa4 43. Qxe5 Qd7 44. Bb6 Nc6 45. Qb5 Rb4 46. Qa6 Nb8 47. Qa5 Qb5 48. Qxb5 Rxb5 49. Bg1 Rb1 50. Ne3 Nc6 51. h3 Nd4 52. Kh2 f6 53. Bf2 Kf7 54. h4 Kg6 55. f4 Rb2 56. Kg3 Ne2+ 57. Kf3 Nd4+ 58. Kg3 Rb3 59. Kg4 h5+ 60. Kh3 Nc2 61. e5 fxe5 62. fxe5 Nxe3 63. Kg3 Nd1+ 64. Kf4 Nxf2 65. e6 Kf6 66. g4 Nxg4 67. e7 Kxe7 68. Kg5 Rb5+ 69. Kg6 Ke6 70. Kxg7 Kf5 71. Kf7 Rb7+ 72. Ke8 Ke6 73. Kd8 Rf7 74. Ke8 Nf6+ 75. Kd8 Rg7 76. Kc8 Kd6 77. Kb8 Kc6 0-1

[Event "Lucky op 2nd"]
[Site "Hamburg"]
[Date "1999.10.16"]
[Round "2"]
[White "Jacob, Mirco"]
[Black "Brueckner, Stephan"]
[Result "1-0"]
[WhiteElo "853"]
[BlackElo "1515"]
[PlyCount "151"]
[EventDate "1999.10.??"]
[EventType "swiss"]
[EventRounds "9"]
[EventCountry "GER"]
[SourceTitle "EXT 2001"]
[Source "ChessBase"]
[SourceDate "2000.11.22"]
[SourceVersion "1"]
[SourceVersionDate "2000.11.22"]
[SourceQuality "1"]

1. e4 c5 2. Nf3 d6 3. Bb5+ Bd7 4. Nc3 Nc6 5. d3 e6 6. Bg5 Be7 7. Qd2 Nf6 8. 0-0 a6 9. Ba4 b5 10. Bb3 h6 11. Bf4 Nd4 12. Nxd4 cxd4 13. Ne2 e5 14. Bg3 Nh5 15. f4 Nxg3 16. Nxg3 0-0 17. fxe5 Bg5 18. Qe1 dxe5 19. Qe2 g6 20. Qf3 Qe7 21. Kh1 Be6 22. Ne2 Bxb3 23. axb3 Qe6 24. Nc1 b4 25. Ra5 Rac8 26. Qf2 Rc6 27. Na2 Rb6 28. Qg3 Bf4 29. Qh3 Qxh3 30. gxh3 Rc8 31. Rf2 Rcc6 32. Ra4 Be3 33. Re2 Rf6 34. Kg2 a5 35. Rxa5 Ra6 36. Ra4 Rxa4 37. bxa4 Rb6 38. b3 Bg5 39. Kg3 Be7 40. Rf2 Kg7 41. Kg4 h5+ 42. Kg3 Rc6 43. Kg2 Rb6 44. Kf3 Bg5 45. a5 Rb5 46. a6 Be7 47. Nc1 Ra5 48. Kg2 Rxa6 49. Ne2 Ra1 50. Ng1 Bg5 51. Nf3 Be3 52. Re2 f6 53. Re1 Ra2 54. Re2 Ra1 55. Re1 Ra2 56. Re2 Ra5 57. Kg3 Bf4+ 58. Kg2 Be3 59. Kg3 f5 60. Nh4 fxe4 61. dxe4 Ra6 62. Ng2 Bg5 63. Ne1 Bf4+ 64. Kg2 Bg5 65. Nd3 Bf6 66. Nxb4 Rd6 67. Nd5 Bd8 68. Kf3 Ra6 69. Nb4 Ra3 70. Nc6 Bc7 71. Rg2 Ra6 72. Ne7 Rf6+ 73. Ke2 Ba5 74. Nd5 Rf7 75. Rg5 Rb7 76. Rxe5 1-0